Desconstructing web graphics.2
Guardat en:
| Autors principals: | , |
|---|---|
| Format: | Llibre |
| Idioma: | anglès |
| Publicat: |
Indianápolis
New Riders Publishing
1998
|
| Edició: | 2a. ed |
| Matèries: | |
| Etiquetes: |
Afegir etiqueta
Sense etiquetes, Sigues el primer a etiquetar aquest registre!
|
MARC
| LEADER | 00000nam a2200000 a 4500 | ||
|---|---|---|---|
| 001 | UCQ8616 | ||
| 003 | CL-VaPUC | ||
| 008 | 981210e19980000US |||||||||||||||||eng|d | ||
| 082 | 0 | 4 | |a 004.6 |b WEI |2 21 |
| 100 | 0 | |a Weinman, Lynda |e author |9 422680 | |
| 700 | 0 | |a Warren Lentz, Jon |e author |9 422681 | |
| 245 | 1 | 0 | |a Desconstructing web graphics.2 |
| 250 | |a 2a. ed | ||
| 300 | |a 229 p | ||
| 942 | |c BK | ||
| 945 | |d 19981210 00:00:00 |a aarredon | ||
| 260 | |a Indianápolis |b New Riders Publishing |c 1998 | ||
| 650 | 0 | |a Páginas web |9 386845 | |
| 650 | 0 | |a Internet |9 254823 | |
| 650 | 7 | |a SERVIDOR |2 CL-VaPUC |9 422682 | |
| 650 | 7 | |a REDES |2 CL-VaPUC |9 366308 | |
| 650 | 7 | |a NESTCAPE |2 CL-VaPUC |9 422683 | |
| 650 | 0 | |a Gráficos por computador |9 262412 | |
| 650 | 0 | |a Programas computacionales |9 392922 | |
| 650 | 7 | |a MULTIMEDIA |2 CL-VaPUC |9 373746 | |
| 650 | 0 | |a Lenguajes de programación |9 259458 | |
| 650 | 0 | |a Java |9 370043 | |
| 650 | 0 | |a Interfaces |9 386842 | |
| 650 | 0 | |a Software |9 387312 | |
| 583 | |a last modification |c 19981210 00:00:00 |k Rodrigo Vera | ||
| 999 | |c 277833 |d 277831 | ||
| 952 | |0 0 |1 0 |4 0 |6 004_600000000000000_WEI_1998 |7 0 |8 A |9 316053 |a BIBING |b BIBING |d 2019-11-20 |i 3487008 |o 004.6 WEI 1998 |p 3487008 |r 2024-01-25 |w 2019-11-20 |y BK |k EIQ | ||